Top 30 Year 11 Churchlands Soccer Players - Statistics

General Stats
  • This quiz has been taken 128 times
    127 since last reset
  • The average score is 8 of 30
Answer Stats
Hint Answer % Correct
8 Aditya Patel
67%
1 George Dimitrios (Pele) Cokis
58%
13 Johnny Pham
42%
7 Riley (Newton) Clarke
42%
24 Daniel (Bomber) Borgogno
38%
14 Daniel Trang
38%
19 Kieran (Kizza) Dullabh
38%
5 Roshan Ratna
38%
23 Cooper Foulds
33%
15 Ivwananji Simbile
29%
10 Shahtoosh (Oh My God Man Only 10th) Bhat
29%
28 Andrew Mamotte
25%
12 Jet Ng
25%
4 Saad Ur Rehman
25%
17 Tze Ching (Zinger) Lau
25%
25 Zachary Farrall
25%
16 Massimo Tassone
21%
11 Matias Correa Linero
21%
18 Thomas Caruso
21%
6 Connor Mckenzie
17%
22 Grant (High Attendance) Docherty
17%
26 Heer Gudka
17%
21 Levente Zombori
17%
2 Ross Stewart
17%
27 Blake Haycock
13%
3 Cameron (Colonel) Goddard
13%
9 Jackson (P**fter) Principe
13%
20 Sean Tunstall
13%
29 Lucas Wong
8%
30 Prabal Pokharel
8%
No matching quizzes found
Score Distribution
Percent of People with Each Score
Percentile by Number Answered
Your Score History
You have not taken this quiz since the last reset